000 00281nam a2200121Ia 4500
005 20251222144818.0
008 251222s9999||||xx |||||||||||||| ||spa||
082 _a150/A34
100 _aAlava Curto, César
245 0 _aPsicología General
264 _bSan Marcos
942 _cLIB
999 _c20389
_d20389